Sanat - "Nälkämaan laulu" - Statistics

Yleistilastot
  • Tätä visaa on pelattu 28 kertaa
  • Keskiarvotulos 63 / 105
Vastaustilastot
Vastaus % Oikein
Kuulkaa
100%
kuiskintaa
95%
taa
95%
ja
89%
loiskintaa
89%
meidän
89%
on
89%
soi
89%
vapautta
89%
järvien
84%
jylhien
84%
kevätkin
84%
metso
84%
nää
84%
rastas
84%
täälläkin
84%
vaarat
84%
keijunsa
79%
korpeimme
79%
meidänpä
79%
meille
79%
pää
79%
lahtien
74%
myös
74%
lie
68%
mainetta
68%
siis
68%
toi
68%
vaan
68%
vain
68%
kilpaillaan
63%
kitsas
63%
koskien
63%
laulua
63%
luonto
63%
maa
63%
merten
63%
nuo
63%
raukat
63%
suot
63%
ah
58%
luotava
58%
mainivat
58%
menköhöt
58%
mis
58%
olkoon
58%
surkeat
58%
työ
58%
uudesta
58%
ärjyt
53%
kainuhun
53%
kansa
53%
kunnia
53%
lyö
53%
missä
53%
paikoillaan
53%
pirttimme
53%
synkeän
53%
Taival
53%
arpasi
47%
hankala
47%
piilköhöt
47%
rapparit
47%
ryhtisi
47%
syntymämaan
47%
maausko
42%
riippumaton
42%
rikkaus
42%
ryöstäjät
42%
uus
42%
heimon
37%
hengen
37%
kolkassa
37%
maan
37%
onnesi
37%
puolesta
37%
riihesi
37%
vanhoillisuus
37%
ei
32%
maamies
32%
miekkaa
32%
oi
32%
taika
32%
tarmoa
32%
vaietkaa
32%
vainojen
32%
muista
26%
Nosta
26%
rintaasi
26%
tarvis
26%
kaijotkaa
21%
virmat
21%
jo
16%
taannuta
16%
Ehtoja vastaavia visoja ei löytynyt
Tulosjakauma
Jokaisen tuloksen saaneiden osuus
Persentiili vastausten määrän mukaan
Tuloshistoriasi
Et ole pelannut tätä visaa